| 000 | 01456nam a22004337a 4500 | ||
|---|---|---|---|
| 003 | CHAP | ||
| 005 | 20220817044325.0 | ||
| 008 | 100312s2009 mx a r 00010 spa d | ||
| 010 | _a97734 | ||
| 011 | _a98706 | ||
| 020 | _a9786074220599 | ||
| 035 | _a109391 | ||
| 040 | _cCHAP | ||
| 082 | 1 | 4 |
_a972.7252 _bR14 |
| 100 | 1 |
_aRamírez González, Irma. _994028 |
|
| 245 | 1 | 0 |
_aPerfiles indígenas en el Estado de México _c/por Irma Ramírez González |
| 260 |
_aToluca, Méx. : _bUAEM, _c2009 |
||
| 300 |
_a182 p. : _bilus. |
||
| 490 | 0 |
_aCuadernos de investigación _v; 55 |
|
| 590 |
_aBATCH-UPD _b10 _c20130110 _lUCH01 _h0850 |
||
| 590 |
_aBATCH-UPD _b10 _c20130410 _lUCH01 _h0522 |
||
| 590 |
_aBATCH-UPD _b10 _c20130914 _lUCH01 _h1108 |
||
| 590 |
_aCONVERSION _b10 _c20130109 _lUCH01 _h1354 |
||
| 650 | 1 | 4 |
_aDemografía. _931742 |
| 650 | 1 | 4 | _aDesarrollo social. |
| 650 | 1 | 4 |
_aEmigración e inmigración. _936517 |
| 650 | 1 | 4 |
_aIdentidad. _957290 |
| 650 | 1 | 4 |
_aIndios de México (Edo.) _xLenguas. _957638 |
| 650 | 1 | 4 |
_aIndios del Estado de México. _957672 |
| 650 | 1 | 4 |
_aMazahuas. _973307 |
| 650 | 1 | 4 | _aNahuas. |
| 650 | 1 | 4 |
_aOrganización. _983533 |
| 650 | 1 | 4 |
_aOtomies. _984333 |
| 830 | 0 |
_aCuadernos de investigación _v; 55 _929789 |
|
| 901 | _aBK | ||
| 942 | _cLIBRO | ||
| 949 |
_a972.7252 R14 _bBC _cLIBRO _d33724002161454 _eLIBRO _fc.2 _gI.c/e _h112614 _i109391 _si |
||
| 949 |
_a972.7252 R14 _bBC _cLIBRO _d33724002161496 _eLIBRO _gI.c/e _h112073 _i109391 _si |
||
| 999 |
_c97734 _d97734 |
||